Einfache Geographie Richtig oder Falsch #1 - Statistiken

Allgemein
  • Dieses Quiz wurde 113 mal gespielt
  • Das Durchschnittsergebnis liegt bei 14 aus 15
Antwortstatistiken
Frage Antwort % Korrekt
Der höchste Berg der Welt befindet sich in den Vereinigten Staaten Falsch
100%
Die Flagge Kanadas hat ein Ahornblatt darauf Richtig
100%
Ägypten liegt im Norden Afrikas Richtig
100%
Es gibt ein Land namens Tschad Richtig
99%
Mehr als die Hälfte der Erdoberfläche ist mit Wasser bedeckt Richtig
98%
Es gibt ein Land, dessen Name sich nur um einen Buchstaben von Iran unterscheidet Richtig
98%
Russland ist von Ost nach West größer als von Nord nach Süd Richtig
98%
China hat mehr Einwohner als die Vereinigten Staaten Richtig
97%
Der durchschnittliche Flug von Paris nach London dauert etwa 5 oder 6 Stunden Falsch
95%
Mumbai (früher Bombay) ist die Hauptstadt Indiens Falsch
95%
Die Amtssprache Brasiliens ist Spanisch Falsch
92%
In manchen Jahren trocknet der Amazonas vollständig aus Falsch
92%
Der Großteil der Insel Grönland ist von üppigen Wäldern und Graslandschaften bedeckt, weshalb sie Grönland genannt wird Falsch
87%
Mehr Menschen leben nördlich des Äquators als südlich davon Richtig
84%
Schottland ist ein Teil von England Falsch
79%
Keine übereinstimmenden Quizze gefunden
Verteilung der Resultate
Anzahl Personen mit jedem Resultat
Perzentil nach korrekt beantworteten Fragen
Ihre Resultats-Entwicklung
Sie haben dieses Quiz noch nicht gespielt